| 000 | 00780nam a2200253Ia 4500 | ||
|---|---|---|---|
| 003 | GCL | ||
| 008 | 140319s9999 xx 000 0 ara d | ||
| 040 |
_aGCL / _cGCL |
||
| 082 | 0 | 4 |
_aق _b962.04 _bم ا |
| 100 | 1 | _aمحسن محمد | |
| 245 | 1 | 0 |
_aاصول الحكم تاريخ مصر بالوثائق البريطانية والامريكية / _cمحسن محمد |
| 260 |
_a[S.N] : _bدار المعارف ، _c1980 |
||
| 300 | _a256 ص | ||
| 490 | _a | ||
| 650 | 0 | 4 | _aالعصر الحديث |
| 650 | 0 | 4 | _aمصر |
| 650 | 0 | 4 | _aتاريخ |
| 650 | 0 | 4 | _aالاحوال السياسية |
| 650 | 0 | 4 | _aالاحزاب السياسية |
| 650 | 0 | 4 | _aالملك فؤاد |
| 650 | 0 | 4 | _aوثائق |
| 650 | 0 | 4 | _aالحكومات الائتلافية |
| 942 |
_2ddc _cBK |
||
| 999 |
_c53026 _d53026 |
||